Online Catalogue and eLibrary

Speaking of faith : (Record no. 811)

MARC details
000 -LEADER
fixed length control field 00530nam a2200193Ia 4500
005 - DATE AND TIME OF LATEST TRANSACTION
control field 20240717051253.0
008 - FIXED-LENGTH DATA ELEMENTS--GENERAL INFORMATION
fixed length control field 240331s9999 xx 000 0 und d
082 ## - DDC Classification
Class No. 200
Item Number - Author Mark SPE
245 #0 - TITLE STATEMENT
Title Speaking of faith :
Remainder of title cross-cultural perspectives on women ,religion and social change
260 ## - PUBLICATION, DISTRIBUTION, ETC.
Place of publication, distribution, etc. New Delhi
Name of publisher, distributor, etc. Kali For Women
Date of publication, distribution, etc. 1986
300 ## - PHYSICAL DESCRIPTION
Extent (e.g. Volumes, Pages etc.) 288, p .,
650 ## - SUBJECT ADDED ENTRY--TOPICAL TERM
Topical term or geographic name entry element Cross - culture
650 ## - SUBJECT ADDED ENTRY--TOPICAL TERM
Topical term or geographic name entry element Woman
650 ## - SUBJECT ADDED ENTRY--TOPICAL TERM
Topical term or geographic name entry element Religion
650 ## - SUBJECT ADDED ENTRY--TOPICAL TERM
Topical term or geographic name entry element Social Change
700 ## - ADDED ENTRY--PERSONAL NAME
Personal name Eck. L. Diana
Relator term (Role) Editor
700 ## - ADDED ENTRY--PERSONAL NAME
Personal name Jain, Devaki
Relator term (Role) Editor
942 ## - Koha item type (Biblio)
Koha item type Books in Stacks (Lending)
Holdings
Lost status Damaged status Collection code Home library Current library Shelving location Date acquired Full call number Accession Number Item type
    Lending WERC Library WERC Library Social Science Cupboard 03/31/2024 200 SPE 313 Books in Stacks (Lending)

© WERC Library